Archaeology and society Reconstructing the prehistoric past

保存先:
書誌詳細
第一著者: Grahame Clark
フォーマット: 図書
言語:Undetermined
出版事項: New York Barnes and Noble 1967
主題:
タグ: タグ追加
タグなし, このレコードへの初めてのタグを付けませんか!
Thư viện lưu trữ: Trung tâm Học liệu Trường Đại học Cần Thơ
LEADER 00515nam a2200193Ia 4500
001 CTU_10623
008 210402s9999 xx 000 0 und d
082 |a 930.1 
082 |b C593 
100 |a Grahame Clark 
245 0 |a Archaeology and society 
245 0 |b Reconstructing the prehistoric past 
245 0 |c Grahame Clark 
260 |a New York 
260 |b Barnes and Noble 
260 |c 1967 
650 |a archaeology 
904 |i Minh, 961010 
980 |a Trung tâm Học liệu Trường Đại học Cần Thơ